| 000 | 00569nam a2200181 i 4500 | ||
|---|---|---|---|
| 001 | 51424 | ||
| 003 | ES-MaACL | ||
| 005 | 20240524062952.0 | ||
| 007 | t| | ||
| 008 | 030813s1967 an ||||1| fre d | ||
| 100 | 0 |
_aChesterton, G. K., _d1874-1936 _938399 |
|
| 245 | 1 | 0 |
_aSan Francesc d'Assis / _cG.K. Chesterton ; [traducció de l'angles: Josep Delclos Mollera]. |
| 260 |
_a[Andorra : _bAndorra, _c1967] |
||
| 300 |
_a186 p. ; _c19 cm. |
||
| 700 | 1 |
_aDelclos Mollera, Josep. _943354 |
|
| 852 |
_aES-MaACL _jC-33555 _bR.64348 |
||
| 999 |
_c51424 _d51424 |
||